Grandeza y ocaso del Imperio de Bizancio y sus consecuencias internacionales (Record no. 34140)

MARC details
000 -LEADER
campo de control de longitud fija 00949nam a2200217 i 4500
001 - NÚMERO DE CONTROL
campo de control 34140
003 - IDENTIFICADOR DE NÚMERO DE CONTROL
campo de control ES-MaACL
005 - FECHA Y HORA DE LA ÚLTIMA TRANSACCIÓN
campo de control 20230906154900.0
007 - CAMPO FIJO DE DESCRIPCIÓN FÍSICA--INFORMACIÓN GENERAL
campo de control de longitud fija t|
008 - DATOS DE LONGITUD FIJA--INFORMACIÓN GENERAL
campo de control de longitud fija 030204q1950 sp ||||1| spa d
100 1# - ENTRADA PRINCIPAL--NOMBRE DE PERSONA
Nombre de persona Bofarull y de Romañá, José Oriol de.
9 (RLIN) 29766
245 10 - MENCIÓN DEL TÍTULO
Título Grandeza y ocaso del Imperio de Bizancio y sus consecuencias internacionales
Resto del título : ; Decadencia de Occidente ; El derrumbamiento europeo ; Los Estados Unidos de Europa /
Mención de responsabilidad, etc. conferenica que dió José Oriol de Bofarull y de Romañá.
260 ## - PUBLICACIÓN, DISTRIBUCIÓN, ETC.
Lugar de publicación, distribución, etc. Madrid :
Nombre del editor, distribuidor, etc. [s.n.,
Fecha de publicación, distribución, etc. 1950?] (
Fabricante Imp. Juan Pueyo)
300 ## - DESCRIPCIÓN FÍSICA
Extensión 61 p., 1 lám. ;
Dimensiones 24 cm.
500 ## - NOTA GENERAL
Nota general Precede al tít.: Real Sociedad Económica Matritense de Amigos del País.
710 2# - ENTRADA AGREGADA--NOMBRE DE ENTIDAD CORPORATIVA
Nombre de entidad corporativa o nombre de jurisdicción como elemento de entrada Real Academia Económica Matritense de Amigos del País.
9 (RLIN) 6335
740 0# - ENTRADA AGREGADA--TÍTULO RELACIONADO/ANALÍTICO NO CONTROLADO
Título relacionado o analítico no controlado Decadencia de Occidente.
740 3# - ENTRADA AGREGADA--TÍTULO RELACIONADO/ANALÍTICO NO CONTROLADO
Título relacionado o analítico no controlado El derrumbamiento europeo.
740 4# - ENTRADA AGREGADA--TÍTULO RELACIONADO/ANALÍTICO NO CONTROLADO
Título relacionado o analítico no controlado Los Estados Unidos de Europa.
852 ## - LOCALIZACIÓN
Ubicación ES-MaACL
Número de control de estantería 1914-F-7
Sublocalización o colección R.29907
Holdings
Estatus retirado Estado de pérdida Estado de daño No para préstamo Colección Biblioteca de origen Biblioteca actual Ubicación en estantería Fecha de adquisición Fuente de adquisición Total de préstamos Signatura topográfica completa Código de barras Visto por última vez Precio de reemplazo Tipo de ítem Koha
        Colección de folletos Biblioteca del Ateneo de Madrid Biblioteca del Ateneo de Madrid Depósito folletos 17/01/2008     1914-F-7 1035591 23/02/2023 23/02/2023 Folleto